Splendid : Les films avec Michel Blanc ou Gérard Jugnot - Statistiques

Statistiques générales
  • Ce quiz a été pris 75 fois
  • Le résultat moyen est 18 sur 30
Statistiques - réponses
Hint Extra Hint Réponse % Correct
Les Bronzés font du ski 1979 Les deux
93%
Les Bronzés 1978 Les deux
93%
Marche à l'ombre 1984 Michel Blanc
90%
Viens chez moi, j'habite chez une copine 1981 Michel Blanc
88%
Camping 3 2016 Gérard Jugnot
84%
Scout toujours ! 1985 Gérard Jugnot
84%
Le petit Nicolas 2009 Gérard Jugnot
81%
Pinot, simple flic 1984 Gérard Jugnot
77%
Tenue de soirée 1986 Michel Blanc
72%
Je vous trouve très beau 2005 Michel Blanc
71%
Monsieur Hire 1989 Michel Blanc
70%
Casque bleu 1994 Gérard Jugnot
68%
Meilleur espor féminin 2000 Gérard Jugnot
67%
L'auberge rouge 2007 Gérard Jugnot
62%
Le Père Noël est une ordure 1982 Les deux
62%
Les Tuche 4 2020 Michel Blanc
61%
L'exercice de l'Etat 2011 Michel Blanc
61%
Vous n'aurez pas l'Alsace et la Lorraine 1978 Les deux
59%
Papy fait de la résistance 1983 Les deux
58%
Tandem 1987 Gérard Jugnot
49%
Le cheval d'orgueil
1980
Michel Blanc
48%
Le jouet 1976 Gérard Jugnot
43%
Grosse fatigue 1994 Les deux
43%
Le coup de Sirocco 1979 Gérard Jugnot
41%
Le coup de sirocco 1979 Gérard Jugnot
41%
Le Juge et l'Assassin 1976 Gérard Jugnot
38%
Les Valseuses 1974 Gérard Jugnot
36%
Raid dingue 2017 Michel Blanc
36%
Que la fête commence 1975 Les deux
32%
Calmos 1976 Gérard Jugnot
28%
Aucun quiz correspondant
Distribution des résultats
% des personnes avec chaque résultat
Percentile par nombre de réponses
Votre historique - résultats
Vous n’avez pas pris ce quiz